Les villes et villages fleuris du Grand Est - Statistiques

Statistiques générales
  • Ce quiz a été pris 43 fois
  • Le résultat moyen est 12 sur 52
Statistiques - réponses
Département Habitants Indice Réponse % Correct
54 104885 *A**Y Nancy
71%
88 33682 *P*N*L Epinal
69%
51 182460 *EI** Reims
69%
57 116581 *E** Metz
66%
51 22671 *P*RN** Epernay
63%
54 16355 T**L Toul
60%
68 69105 *O**A* Colmar
54%
10 61996 **OYE* Troyes
54%
68 109443 *U**OU*E Mulhouse
51%
68 2118 B*RGH**M Bergheim
49%
57 9971 R*MB*S Rombas
49%
54 30100 V*ND***VR*-L*S-N*NC* Vandoeuvre-lès-Nancy
43%
51 870 S**NT-M*RT*N-S*R-L*-PR* Saint-Martin-sur-le-Pré
40%
68 4841 *I*EAU*I**E Ribeauvillé
37%
57 41701 **IO**I**E Thionville
37%
68 1768 E*UI**EIM Eguisheim
34%
57 22143 *O**I**Y-*E*-*E** Montigny-lès-Metz
29%
51 3522 S**NT*-BR*C*-C**RC*LL*S Saint-Brice-Courcelles
29%
68 1452 H*RTZB*CH Hirtzbach
26%
68 5610 S**SH**M Sausheim
26%
88 4832 *I**E* Vittel
26%
67 400 H*HW*LL*R Hohwiller
23%
54 18287 *U*E*I**E Lunéville
23%
57 21232 *A**E*UE*I*E* Sarreguemines
23%
10 155 C*L*MB*-L*-S*C Colombé-le-Sec
20%
67 27087 I***I***-**A**E***A*E* Illkirch-Graffenstaden
20%
68 11097 *UE**I**E* Guebwiller
17%
68 3861 M*S*V**X-N**D*RBR*CK Masevaux-Niederbruck
17%
51 1020 R*LL*-L*-M*NT*GN* Rilly-la-Montagne
14%
67 17520 *I****EI* Bischheim
9%
57 5056 *I***E Bitche
9%
67 360 D**FF*NB*CH-L*S-W**RTH Dieffenbach-lès-Woerth
9%
67 170 M*TTST*LL Mattstall
9%
88 319 R*LL**NV*LL* Rollainville
9%
68 2444 S**LTZM*TT Soulzmatt
9%
51 277 B*C*NN*S Baconnes
6%
54 70 G*L**C**RT Gélaucourt
6%
51 303 H**SS*GN*M*NT Haussignémont
6%
10 442 *EU*I**E-*U*-*EI*E Neuville-sur-Seine
6%
55 40 B***L***-*N-*RG*NN* Beaulieu-en-Argonne
3%
51 430 CH*M*R* Chamery
3%
51 144 *AU**I*O** Haussimont
3%
68 2170 H*RS*NG** Hirsingue
3%
51 570 *G*R Oger
3%
08 198 V**X-V*LL**N* Vaux-Villaine
3%
67 5300 **U*E**EI* Drusenheim
0%
67 3656 *O****EI* Holtzheim
0%
68 7337 *U*I**UE Huningue
0%
67 237 I**E***I**E* Itterswiller
0%
67 4226 *A***O***EI* Marckolsheim
0%
51 5135 *OU**E*O*-*E-**A** Mourmelon-le-Grand
0%
08 200 S*M*D* Semide
0%
Aucun quiz correspondant
Distribution des résultats
% des personnes avec chaque résultat
Percentile par nombre de réponses
Votre historique - résultats
Vous n’avez pas pris ce quiz